Selected research on gross anatomy and histology of camels /

Bibliographic Details
Other Authors: Gahlot, T. K.
Format: Book
Language:English
Published: Bikaner, India : Camel Pub. House, 2011.
Edition:First edition.
Subjects:

MARC

Tag First Indicator Second Indicator Subfields
LEADER 00000cam a2200000Ma 4500
001 in00004518721
005 20191205081324.0
008 110317s2011 ii a b 001 0 eng
020 |a 9798190314014 
020 |a 8190314017 
020 |a 9788190314015 
029 0 |a AU@  |b 000047103416 
035 |a (OCoLC)ocn729210311 
035 |a (OCoLC)729210311 
035 |z (UtOrBLW)57082 
035 |a 81239 
040 |a AU@  |b eng  |c AU@  |d KKS  |d TMV  |d UtOrBLW 
049 |a TMVM  |c 1 
060 4 |a SF 767.C28  |b S464 2011 
090 |a SF767.C28  |b S45 2011 
245 0 0 |a Selected research on gross anatomy and histology of camels /  |c editors T.K. Gahlot [and others]. 
246 3 0 |a Gross anatomy and histology of camels 
250 |a First edition. 
264 1 |a Bikaner, India :  |b Camel Pub. House,  |c 2011. 
300 |a xi, 439 pages :  |b illustrations (some color) ;  |c 29 cm. 
336 |a text  |2 rdacontent  |b txt 
337 |a unmediated  |2 rdamedia 
338 |a volume  |2 rdacarrier  |b nc 
504 |a Includes bibliographical references and indexes. 
505 2 |a A. Radiographic anatomy -- B. Anatomy of the skeletal system -- C. Anatomy of the digestive system -- D. Anatomy of the respiratory system -- E. Anatomy of the uro-genital system -- F. Anatomy of the circulatory system -- G. Anatomy of the nervous system -- H. Common integument -- I. Miscellaneous. 
650 0 |a Camels  |x Anatomy. 
650 2 |a Camelus  |x anatomy & histology. 
650 2 |a Animal Diseases. 
700 1 |a Gahlot, T. K. 
999 |a MARS 
999 f f |s fdbd717d-33e4-3fef-a5db-23ba6e52bbb2  |i 370aa9c8-3c09-3983-89ea-11aa9e905782  |t 0 
952 f f |p preservation  |a Texas A&M University  |b J.J. Pickle Campus  |c High Density Repository  |d Remote Storage  |t 0  |e SF 767.C28 S464 2011  |h National Library of Medicine classification  |i unmediated -- volume  |m 323890199343B 
998 f f |a SF 767.C28 S464 2011  |t 0  |l Remote Storage